| 000 | 00509nam a2200169 4500 | ||
|---|---|---|---|
| 001 | 137015 | ||
| 003 | ES-MaACL | ||
| 005 | 20230906195304.0 | ||
| 007 | t| | ||
| 008 | 070214s1964 sp r ||||1| cat d | ||
| 100 | 1 |
_aSalarich Torrents, Miguel S. _9101715 |
|
| 245 | 1 | 0 |
_aPoemes de Tarda / _cMiguel S. Salarich Torrents ; próleg de Leandre Amigó. |
| 260 |
_aBarcelona : _bRafael Tasis, _c1964. |
||
| 300 |
_a75 p. ; _c19 cm. |
||
| 700 | 1 |
_aAmigó, Leandre. _921236 |
|
| 852 |
_aES-MaACL _jC-26093 _bR.54619 |
||
| 999 |
_c137015 _d137015 |
||